Catalog

Record Details

Catalog Search



Inheritance of traits : why is my dog bigger than your dog?  Cover Image Book Book

Inheritance of traits : why is my dog bigger than your dog? / Jen Green.

Green, Jen, (author.).

Summary:

"This fun book about dog shows teaches the core curriculum topic of inheritance."-- Provided by publisher.

Record details

  • ISBN: 9781432987473 (hardback)
  • ISBN: 143298747X (hardback)
  • ISBN: 9781432987541 (pbk.)
  • ISBN: 1432987542 (pbk.)
  • Physical Description: 32 pages : color illustrations ; 28 cm.
  • Publisher: Chicago, Illinois : Capstone Raintree, [2014]

Content descriptions

Bibliography, etc. Note:
Includes bibliographical references and index.
Formatted Contents Note:
Welcome to the show -- The world of dogs -- Ancient breeds -- Bred for speed -- The ultimate pony show -- The world of cats -- How do genes work? -- Puppies and kittens -- Best in show -- Brother and sister -- The odd puppy out -- Champion sniffers -- The world's best-trained dog.
Subject: Dogs > Breeding > Juvenile literature.
Dog shows > Juvenile literature.
Heredity > Juvenile literature.
Genetics > Juvenile literature.

Available copies

  • 1 of 1 copy available at scottsboropl.

Holds

  • 0 current holds with 1 total copy.
Show Only Available Copies
Location Call Number / Copy Notes Barcode Shelving Location Status Due Date
scottsboropl J 636.7 Gre 32269000942410 Juvenile - NonFiction Available -

LDR 01807cam a22004098i 4500
001137132
003CONS
00520171120095907.0
008130415s2014 ilua j b 001 0 eng c
010 . ‡a 2013013102
020 . ‡a9781432987473 (hardback)
020 . ‡a143298747X (hardback)
020 . ‡a9781432987541 (pbk.)
020 . ‡a1432987542 (pbk.)
035 . ‡a(CPomAG)LMN566342
05000. ‡aSF427.2 ‡b.G74 2014
08204. ‡a636.7088 ‡223
1001 . ‡aGreen, Jen, ‡eauthor.
24510. ‡aInheritance of traits : ‡bwhy is my dog bigger than your dog? / ‡cJen Green.
264 1. ‡aChicago, Illinois : ‡bCapstone Raintree, ‡c[2014]
300 . ‡a32 pages : ‡bcolor illustrations ; ‡c28 cm.
336 . ‡atext ‡2rdacontent
337 . ‡aunmediated ‡2rdamedia
338 . ‡avolume ‡2rdacarrier
4901 . ‡aShow me science
4901 . ‡aRaintree perspectives
504 . ‡aIncludes bibliographical references and index.
5050 . ‡aWelcome to the show -- The world of dogs -- Ancient breeds -- Bred for speed -- The ultimate pony show -- The world of cats -- How do genes work? -- Puppies and kittens -- Best in show -- Brother and sister -- The odd puppy out -- Champion sniffers -- The world's best-trained dog.
520 . ‡a"This fun book about dog shows teaches the core curriculum topic of inheritance."-- ‡cProvided by publisher.
650 0. ‡aDogs ‡xBreeding ‡vJuvenile literature.
650 0. ‡aDog shows ‡vJuvenile literature.
650 0. ‡aHeredity ‡vJuvenile literature.
650 0. ‡aGenetics ‡vJuvenile literature.
830 0. ‡aShow me science (Raintree (Firm))
830 0. ‡aRaintree perspectives.
959 . ‡i32269000942410 ‡lJ636.7 Gre ‡aJuvenile - NonFiction ‡tJuv Nonfiction ‡g23.00
852 . ‡p32269000942410 ‡jJ636.7 Gre ‡gJuvenile - NonFiction ‡cJuv Nonfiction ‡y23.00 ‡bSBPL
901 . ‡a137132 ‡bUnknown ‡c137132 ‡tbiblio

Additional Resources